[Event "Stay Safe Play From Home 199"]
[Site "T#646564Emanuel Laske"]
[Date "2020.06.04"]
[Round "5"]
[White "KLIND"]
[Black "Cirovicz"]
[Result "0-1"]
[WhiteElo "1843"]
[BlackElo "1888"]
[Annotator "NA RC"]
[PlyCount "64"]
[EventDate "2020.06.04"]
[EventType "swiss (blitz)"]

1. e4 {[%emt 0:00:00]} d6 {[%emt 0:00:01]} 2. Nf3 {[%emt 0:00:01]} g6 {[%emt 0:00:00]} 3. d3 {[%emt 0:00:01]} Bg7 {[%emt 0:00:00]} 4. Nc3 {[%emt 0:00:01]} Nf6 {[%emt 0:00:00]} 5. Bg5 {[%emt 0:00:00]} O-O {[%emt 0:00:00]} 6. Be2 {[%emt 0:00:01]} e5 {[%emt 0:00:01]} 7. Nd5 {[%emt 0:00:02]} Bg4 {[%emt 0:00:01]} 8. h3 {[%emt 0:00:02]} Bxf3 {[%emt 0:00:01]} 9. Bxf3 {[%emt 0:00:01]} Nbd7 {[%emt 0:00:01]} 10. O-O {[%emt 0:00:01]} Qe8 {[%emt 0:00:01]} 11. Nxc7 {[%emt 0:00:03]} Qc8 {[%emt 0:00:01]} 12. Nxa8 {[%emt 0:00:01]} Qxa8 {[%emt 0:00:01]} 13. c4 {[%emt 0:00:00]} b6 {[%emt 0:00:01]} 14. Qa4 {[%emt 0:00:01]} Nc5 {[%emt 0:00:01]} 15. Qc2 {[%emt 0:00:02]} Nfd7 {[%emt 0:00:01]} 16. Be7 {[%emt 0:00:03]} Re8 {[%emt 0:00:01]} 17. Bxd6 {[%emt 0:00:00]} Qc6 {[%emt 0:00:01]} 18. Bxc5 {[%emt 0:00:02]} Nxc5 {[%emt 0:00:01]} 19. b4 {[%emt 0:00:00]} Ne6 {[%emt 0:00:01]} 20. Rad1 {[%emt 0:00:01]} Nd4 {[%emt 0:00:01]} 21. Qd2 {[%emt 0:00:02]} Nxf3+ {[%emt 0:00:01]} 22. gxf3 {[%emt 0:00:00]} Qf6 {[%emt 0:00:01]} 23. Qe2 {[%emt 0:00:02]} Qh4 {[%emt 0:00:01]} 24. Kg2 {[%emt 0:00:02]} Bh6 {[%emt 0:00:01]} 25. d4 {[%emt 0:00:02]} Bf4 {[%emt 0:00:01]} 26. dxe5 {[%emt 0:00:02]} Rxe5 {[%emt 0:00:02]} 27. Rd5 {[%emt 0:00:01]} Qg5+ {[%emt 0:00:02]} 28. Kh1 {[%emt 0:00:01]} Qh4 {[%emt 0:00:01]} 29. Kg2 {[%emt 0:00:03]} Rg5+ {[%emt 0:00:03]} 30. Rxg5 {[%emt 0:00:01]} Qxg5+ {[%emt 0:00:01]} 31. Kh1 {[%emt 0:00:00]} Qh4 {[%emt 0:00:01]} 32. Kg1 {[%emt 0:00:03]} Qxh3 {[%emt 0:00:01] KLIND resigns (Lag: Av=0.60s, max=0.8s)} 0-1

[Event "Stay Safe Play From Home 199"]
[Site "T#646564Emanuel Laske"]
[Date "2020.06.04"]
[Round "5"]
[White "Trotsky"]
[Black "Tobo Rubirosa"]
[Result "1-0"]
[WhiteElo "1566"]
[BlackElo "1469"]
[Annotator "NA RC"]
[PlyCount "55"]
[EventDate "2020.06.04"]
[EventType "swiss (blitz)"]

1. d4 {[%emt 0:00:01]} Nf6 {[%emt 0:00:04]} 2. e3 {[%emt 0:00:01]} g6 {[%emt 0:00:01]} 3. c4 {[%emt 0:00:01]} Bg7 {[%emt 0:00:00]} 4. Nc3 {[%emt 0:00:01]} O-O {[%emt 0:00:00]} 5. Bd3 {[%emt 0:00:01]} d5 {[%emt 0:00:01]} 6. Qc2 {[%emt 0:00:01]} c5 {[%emt 0:00:01]} 7. Nf3 {[%emt 0:00:03]} Nc6 {[%emt 0:00:01]} 8. a3 {[%emt 0:00:02]} dxc4 {[%emt 0:00:02]} 9. Bxc4 {[%emt 0:00:02]} cxd4 {[%emt 0:00:01]} 10. Ne4 {[%emt 0:00:02]} dxe3 {[%emt 0:00:02]} 11. Bxe3 {[%emt 0:00:01]} Nxe4 {[%emt 0:00:01]} 12. Bd3 {[%emt 0:00:04]} Nf6 {[%emt 0:00:05]} 13. O-O-O {[%emt 0:00:01]} Qa5 {[%emt 0:00:03]} 14. h4 {[%emt 0:00:02]} Bf5 {[%emt 0:00:03]} 15. Ng5 {[%emt 0:00:02]} Bxd3 {[%emt 0:00:02]} 16. Rxd3 {[%emt 0:00:01]} Rac8 {[%emt 0:00:01]} 17. Kb1 {[%emt 0:00:02]} Nb4 {[%emt 0:00:03]} 18. Qd2 {[%emt 0:00:03]} Nxd3 {[%emt 0:00:02]} 19. Qxd3 {[%emt 0:00:01]} h6 {[%emt 0:00:07]} 20. h5 {[%emt 0:00:05]} hxg5 {[%emt 0:00:02]} 21. hxg6 {[%emt 0:00:01]} fxg6 {[%emt 0:00:01]} 22. Qxg6 {[%emt 0:00:01]} Qf5+ {[%emt 0:00:05]} 23. Qxf5 {[%emt 0:00:03]} Ng4 {[%emt 0:00:01]} 24. Qh7+ {[%emt 0:00:01]} Kf7 {[%emt 0:00:02]} 25. Bxg5 {[%emt 0:00:01]} Rh8 {[%emt 0:00:03]} 26. Qf5+ {[%emt 0:00:01]} Nf6 {[%emt 0:00:03]} 27. Rxh8 {[%emt 0:00:02]} Rxh8 {[%emt 0:00:02]} 28. Bxf6 {[%emt 0:00:01] Tiempo (Lag: Av=0.87s, max=1.2s) '} 1-0

[Event "Stay Safe Play From Home 199"]
[Site "T#646564Emanuel Laske"]
[Date "2020.06.04"]
[Round "6"]
[White "Broken sword"]
[Black "MarkonY"]
[Result "1-0"]
[WhiteElo "2418"]
[BlackElo "2321"]
[Annotator "TA"]
[PlyCount "165"]
[EventDate "2020.06.04"]
[EventType "swiss (blitz)"]

{[%evp 24,165,0,0,0,0,12,0,3,-25,-14,-13,-7,0,0,-12,0,0,7,10,78,35,83,4,14,0,-10,-25,-35,-37,-37,-37,-41,-34,-46,-526,402,108,108,114,119,117,109,-8,-20,-385,222,-99,0,0,166,161,151,0,0,0,0,0,0,0,0,-8,0,0,0,0,0,0,0,0,29987,29988,29989,29986,29989,29988,29988,29987,29987,29988,29988,29989,29990,29990,29990,29991,29991,29992,29993,29994,29997,29998,29998,29995,29996,29996,29996,29997,29998,29994,29994,29992,29993,29993,29993,29994,29994,29994,29994,29995,29995,29994,29995,29994,29994,29994,29995,29994,29994,29994,29995,29995,29995,29996,29997,29998,29998,29998,29998,29998,29998,29997,29997,29997,29997,29997,29997,29998,29998,29998,29998,29997,29998,29998]} 1. e4 c5 2. Nf3 g6 3. d4 cxd4 4. Nxd4 Bg7 5. Nc3 Nc6 6. Be3 Nf6 7. Bc4 O-O 8. O-O Nxe4 9. Nxe4 d5 10. Nxc6 bxc6 11. Bd3 dxe4 12. Bxe4 Qc7 13. c3 Rb8 {B35: Sicilian: Accelerated Dragon with 5 Nc3: main line.} 14. Qe2 a5 15. Rfd1 Be6 {The position is equal.} 16. Bd4 {[#]} Bxd4 $146 ({Predecessor:} 16... Rfd8 17. Bxg7 Kxg7 18. b3 Qe5 19. Qc2 Bd5 20. Re1 Bxe4 21. Rxe4 Qc7 22. Rae1 e6 {1-0 (37) Poor,O (2126)-Weber,M Griesheim 2003}) 17. Rxd4 Qb6 18. b3 c5 19. Rd2 c4 20. bxc4 Qc5 21. Bd5 Bf5 (21... Rb6 $11 {keeps the balance.}) 22. Rad1 (22. g4 $5 {[%cal Rg4f5]} Bc8 23. Qe5 $16) 22... Bc8 23. h3 (23. Qe5 $16 {And now Bxf7+! would win.} Be6 24. g3) 23... e6 $11 24. Bf3 $36 {[%mdl 2048] White fights for an advantage.} Ba6 25. Rd7 Bxc4 26. Qd2 a4 27. h4 a3 28. h5 Rb2 (28... gxh5 29. Qf4 $16) 29. Qh6 $2 {[%mdl 8192]} (29. Qd4 $15 Qxd4 30. R1xd4 Bxa2 31. Ra4) 29... Qe5 $4 {[%mdl 8192]} (29... Qxf2+ $19 {and all is fine.} 30. Kh1 Qh4+ 31. Kg1 Bxa2) 30. hxg6 $2 (30. Rd8 $1 $18 {[%csl Gh6][%cal Rd8f8] is the precise move to win.} Qc5 31. hxg6 hxg6 32. R8d4) 30... hxg6 $16 31. Rd8 {[%csl Gh6][%cal Rd8f8]} Qg7 32. Rxf8+ Qxf8 33. Qg5 (33. Qh4 $16 {Strongly threatening Rd8.} Bd5 34. Bxd5 exd5 35. Rxd5) 33... Rb8 $1 $11 (33... Bxa2 $2 34. Rd8 $18) 34. Rd7 $2 {[%mdl 8192]} (34. Rd2 $1 $11 {and White has nothing to worry.}) 34... Qg7 $4 {[%mdl 8192]} (34... Bxa2 $19 {White must now prevent ...Bb3.} 35. Kh2 Bc4) 35. Ra7 $2 ({White must play} 35. Qf4 $1 $18 {[%cal Rf4b8]} Rb1+ 36. Kh2 Bxa2 37. Rd8+ Kh7 38. Qh4+ Qh6 39. Rh8+ $1 {[%mdl 576] Skewer, Deflection} Kxh8 40. Qxh6+ Kg8 41. Be4) 35... Rb1+ ({Of course not} 35... Bxa2 $6 36. Rxa3 Qh8 37. Be4 $11) ({Black should play} 35... Qxc3 $17 36. Qf4 e5) 36. Kh2 {Hoping for Ra8+.} Qh7+ $2 (36... Qf8 $11 {and Black is okay.} 37. Qf4 Bd5) 37. Kg3 $18 Rb8 38. Qf6 $2 ({Much less strong is} 38. Rxa3 Qg7 $16) (38. Qf4 $16 Rc8 39. Bb7 (39. Rxa3 Qg7 $14)) 38... Qg7 $11 39. Qxg7+ Kxg7 40. Rxa3 {[%mdl 4096] Endgame KRB-KRB} Rb2 41. Ra7 Bxa2 42. Rc7 Bd5 43. c4 Bxf3 44. Kxf3 {KR-KR} Rc2 45. Ke3 Rc3+ 46. Kd2 Kf6 $2 {[%mdl 8192]} (46... Ra3 $11) 47. Kxc3 {KR-K3P. White mates.} Kf5 48. Kd3 f6 49. f3 e5 50. Rc5 g5 51. Ke3 g4 52. fxg4+ {KR-KPP} Kg5 53. Ke4 Kxg4 54. Rc6 f5+ 55. Kxe5 {KR-KP} f4 56. Rg6+ Kh4 57. Kxf4 {[%cal Rg6h6] KR-K} Kh5 58. Rg5+ Kh4 59. Rg8 {[%cal Rg8h8]} Kh5 60. Kf5 {[%cal Rg8h8]} Kh4 61. g3+ Kh3 62. g4 Kg2 63. g5 Kf3 64. g6 Ke3 65. g7 Kd4 {[#]} 66. Rf8 $1 Kc5 67. Re8 Kb4 68. Re7 Kc3 69. Re6 Kb4 70. Re5 Kc3 71. c5 Kb4 72. c6 Kc3 73. c7 Kd3 74. c8=Q Kd4 75. Re7 Kd3 76. Rd7+ Ke2 77. Qe8+ Kf3 78. Re7 Kf2 79. Re5 Kf3 80. Re4 Kg3 81. Qe5+ Kf2 82. Qd4+ Kg2 83. Qd3 {A wild game. Accuracy: White = 48%, Black = 68%.} 1-0

[Event "Stay Safe Play From Home 199"]
[Site "T#646564Emanuel Laske"]
[Date "2020.06.04"]
[Round "6"]
[White "Mepe_Nika"]
[Black "Chesstiger9"]
[Result "1-0"]
[WhiteElo "2283"]
[BlackElo "1984"]
[Annotator "TA"]
[PlyCount "91"]
[EventDate "2020.06.04"]
[EventType "swiss (blitz)"]

{[%evp 11,91,21,60,-10,-7,-51,-26,-139,-81,-140,-146,-134,-146,-188,-148,-289,-191,-235,-147,-143,-136,-149,-141,-174,-92,-131,-102,-114,-100,-165,-182,-160,446,-153,-124,-160,-86,-96,-87,-127,233,-124,-120,-181,-200,-208,-201,-218,-192,-212,-231,-237,-212,-250,-182,-181,-179,-272,-268,-342,-362,-428,-281,-348,-353,-406,-324,-368,-172,-236,-215,-753,-151,-183,31,0,0,-124,-8,-308,-305,-464]} 1. d4 c5 2. c3 cxd4 3. cxd4 d5 4. Nc3 Nf6 5. Nf3 g6 6. Bg5 Bg7 7. Qc1 {D91: Grünfeld: 4 Nf3 Bg7 5 Bg5.} (7. e3 $14) 7... O-O 8. Bh6 Nc6 {[#]} 9. h4 $146 (9. Bxg7 $11 Kxg7 10. e3) ({Predecessor:} 9. g3 Bg4 10. Bxg7 Kxg7 11. Ne5 Nxd4 12. Qd2 Nc6 13. Nxg4 Nxg4 14. Nxd5 e6 15. Qc3+ Kg8 16. Nf4 Qb6 17. e3 Rac8 18. a3 Nce5 19. Qb4 Qc6 20. Bg2 Nd3+ 21. Nxd3 Qxg2 {0-1 (21) Morales,D-Heredia Serrano,C (1960) Bogota 2006}) 9... Bg4 (9... Bxh6 $142 $1 10. Qxh6 Qb6) 10. h5 (10. Bxg7 $142 Kxg7 11. Qd2) 10... Bxh5 $17 11. Bxg7 Kxg7 12. Qg5 h6 13. Qh4 (13. Qd2 $17 {was called for.}) 13... Rh8 14. e3 Bxf3 15. gxf3 Qd7 16. Bh3 Qd6 17. O-O-O {[#]} b5 $1 {[%mdl 512]} 18. Kb1 (18. Nxb5 Qb4) 18... b4 19. Na4 e5 20. Rc1 (20. Qg3 $17) 20... exd4 21. exd4 Rac8 $2 (21... a5 $17 {keeps the pressure on.} 22. Rhd1 Rab8) 22. Rhd1 $2 (22. Bxc8 $18 Nh5 23. Bf5) 22... g5 23. Qg3 Qxg3 (23... Rcd8 $142 24. Bf1 Nh5 25. Qxd6 Rxd6) 24. fxg3 Rc7 $1 25. Nc5 {aiming for Na6.} Re8 $2 {[%mdl 8192]} (25... Nd8 $17) 26. Nd3 $2 (26. Na6 $18 Rce7 27. Rxc6) 26... Ree7 $36 {[%mdl 2048] Black is in control.} 27. Rc5 (27. Ne5 $17 Nxe5 28. Rxc7 Rxc7 29. dxe5) 27... Nxd4 $19 {And now ...Rxc5 would win.} 28. Rxc7 Rxc7 29. Nxb4 Nxf3 30. Nxd5 Nxd5 31. Rxd5 {[%mdl 4096] Endgame KRB-KRN} Re7 $1 32. b4 Re1+ 33. Kc2 Re2+ 34. Kb3 (34. Kd1 $142 Re1+ 35. Kc2) 34... Re3+ 35. Ka4 Ne5 36. Kb5 f6 37. a4 Rxg3 38. Bf5 Rf3 39. Be6 Rc3 (39... h5 $142 {Strongly threatening ...h4.} 40. Rc5 h4 41. Rc7+ Kg6 42. Rxa7 h3) 40. a5 (40. Rc5 {keeps fighting.} Ra3 41. Rc7+ Kg6 42. Rxa7) 40... g4 41. Ka6 $2 (41. Rc5 Ra3 42. Rc7+ Kg6 43. Rxa7) 41... g3 $2 (41... Rc6+ $19 {is more deadly.} 42. Kxa7 Rxe6) 42. Bh3 $17 Nc4 $2 (42... Rb3 $19 43. b5 Ra3) 43. Rc5 {[%mdl 1024] [#] White has compensation.} f5 $1 {[%cal Rf5f4] Hoping for ...f4.} 44. Rc7+ {[#]} (44. Kxa7 $11 f4 45. a6 (45. Bf1 $2 f3 $19)) (44. Rxf5 Rb3) 44... Kf6 ({Better is} 44... Kg6 $1 $17 45. Kxa7 f4) 45. Rc6+ $2 {[%mdl 8192] [#]} (45. Rc5 $1 $11) 45... Kg5 $1 $19 {Threatens to win with ...f4.} 46. Rc5 {[%mdl 32768] Accuracy: White = 20%, Black = 38%. . Loss on time!?} (46. Kxa7 $142 f4 47. Kb8) 1-0

[Event "Stay Safe Play From Home 199"]
[Site "T#646564Emanuel Laske"]
[Date "2020.06.04"]
[Round "6"]
[White "Lamborghini"]
[Black "Castlingarrocco"]
[Result "0-1"]
[WhiteElo "2201"]
[BlackElo "1974"]
[Annotator "TA"]
[PlyCount "128"]
[EventDate "2020.06.04"]
[EventType "swiss (blitz)"]

{[%evp 9,128,70,103,104,354,112,99,107,102,39,50,49,108,57,307,166,204,147,244,208,272,260,246,127,299,277,256,178,170,162,238,231,267,271,348,212,329,144,136,146,379,378,387,369,612,537,487,260,602,518,613,613,600,594,1355,1323,1432,1470,1121,951,924,480,495,491,489,487,494,495,427,-29,-13,-114,-87,-124,-135,-29987,-29988,-29990,-29987,-29987,-29988,-29988,-29989,-29989,-29990,-29992,-29992,-29993,-29991,-29991,-29989,-29993,-29994,-29995,-29996,-29996,-29997,-29998,-29997,-29997,-29997,-29998,-29997,-29998,-29997,-29998,-29997,-29997,-29997,-29998,-29999,-29999,-29999,-29999,-29996,-29996,-29997,-29997,-29998,-29998,-6215]} 1. e4 Nc6 2. Nf3 d6 3. d4 Bg4 4. d5 Bxf3 5. gxf3 {[#]} Ne5 $146 ({Predecessor:} 5... Nb8 6. Be3 Nf6 7. Qd2 c6 8. c4 Nbd7 9. Nc3 Ne5 10. Be2 e6 11. O-O-O Qa5 12. Rhg1 cxd5 13. cxd5 {1-0 (21) Peterson,E (2173)-Hlavac,P (2113) Slovakia 2003}) 6. f4 {B00: Queen's Fianchetto Defence, Nimzowitsch Defence.} Ng6 $2 (6... Nd7 $16) 7. f5 $2 (7. Bb5+ $18 {has better winning chances.} c6 8. dxc6 Qa5+ 9. Nc3) 7... Ne5 $16 8. f4 {White is better.} Nd7 9. Nc3 (9. Qd3 $16) 9... e6 $14 10. dxe6 fxe6 (10... Qh4+ $14 11. Ke2 fxe6) 11. fxe6 (11. Qh5+ $16 g6 12. fxg6) 11... Nb6 $2 (11... Qh4+ $14 12. Ke2 Nc5) 12. Be3 (12. h4 $142) 12... Qh4+ $18 13. Kd2 {aiming for a4.} Qe7 (13... d5 $16 {might work better.}) 14. f5 {And now a4 would win.} Nf6 15. Kc1 O-O-O 16. Qf3 (16. a4 $18 {Threatens to win with a5.} d5 17. e5) 16... c6 $2 (16... d5 $16) 17. a4 {Hoping for a5.} d5 {intending ...d4.} 18. Bxb6 axb6 19. e5 Ne8 (19... Ne4 $142 20. Nxe4 dxe4 21. Qxe4 Qc5) 20. a5 b5 21. a6 Kb8 22. axb7 {Black must now prevent Bxb5.} Qxb7 (22... Nc7 $142 23. Kb1 Kxb7) 23. Bd3 (23. f6 $18 {and White stays clearly on top.}) 23... Nc7 $16 24. Re1 $36 {[%mdl 2048] White is in control.} d4 $2 (24... Re8 $16 {keeps fighting.} 25. Qh5 Bc5) 25. Ne4 $18 Nd5 26. Qg3 Be7 $2 (26... Bb4 27. Rg1 Qc7) 27. Nd6 Qc7 28. Ra6 (28. Nf7 $142) 28... Nb6 $2 (28... Rxd6 29. exd6 Bxd6) 29. Qf4 Bxd6 30. exd6 Rxd6 {[#]} 31. Rxb6+ $1 {[%mdl 512]} Qxb6 32. Qxd6+ Qc7 33. Qxc7+ Kxc7 {[%mdl 4096] Endgame [#] KRB-KR} 34. f6 $1 gxf6 35. Rg1 Re8 36. Bf5 Kd6 37. Kd2 c5 38. Rg7 Ke5 39. Rd7 $2 (39. Bh3 $18) 39... Kxf5 $11 {KR-KR} 40. e7 (40. Rd5+ $11 Ke4 41. Rxc5) 40... Ke6 $17 {White is now going downhill.} 41. Rc7 Kd6 ({Reject} 41... Rxe7 $6 42. Rxc5 f5 43. Kd3 $11) 42. c4 $2 {[%mdl 8192]} (42. Rb7 $17) 42... Kxc7 {KR-KP. Black mates.} 43. Kd3 Kd6 44. cxb5 Rxe7 {KR-K3P} 45. Kc4 Rb7 46. b6 Rxb6 47. b4 Rxb4+ {KR-KP} 48. Kd3 Rb1 49. Ke4 c4 50. Kf5 c3 51. Kg4 c2 52. Kh5 c1=Q {[%csl Gf6][%cal Rc1g5]} 53. h4 Rb2 54. Kg4 Rb3 55. Kh5 Qd1+ 56. Kh6 {[#]} Rh3 $1 57. h5 Rxh5+ 58. Kg7 Rg5+ 59. Kh8 f5 60. Kxh7 f4 {[%cal Rd1h5]} 61. Kh6 {[#]} f3 $1 62. Kxg5 f2 63. Kh4 f1=Q 64. Kg3 Qde2 {Accuracy: White = 36%, Black = 36%.} (64... Qff3+ $142 65. Kh4 Qg4#) 0-1

[Event "Stay Safe Play From Home 199"]
[Site "T#646564Emanuel Laske"]
[Date "2020.06.04"]
[Round "6"]
[White "SoulofWolf"]
[Black "Haxhi Baha"]
[Result "1-0"]
[WhiteElo "2138"]
[BlackElo "2012"]
[Annotator "TA"]
[PlyCount "99"]
[EventDate "2020.06.04"]
[EventType "swiss (blitz)"]

{[%evp 11,99,-29,-7,-78,-85,-84,-47,-40,-62,-86,-39,-47,-9,-44,-47,-114,-31,-54,-47,-35,-41,-35,36,54,156,-28,0,0,0,-25,-14,-20,-15,-14,6,-12,0,-11,0,-110,32,-105,-77,-133,-133,-277,-268,-456,-460,-479,-476,-612,-614,-576,-530,-758,-758,-835,-756,-745,-735,-12796,-12793,-29988,-29989,-29989,-29990,-29993,-29989,-29989,-29990,-29990,-29991,-29991,-29992,-29992,-29992,-29994,-29993,-29994,-29994,-29994,-29995,-29995,-29995,-29995,-29988,-29994,-29989,-29995]} 1. e4 e6 2. Nf3 d5 3. Nc3 Nf6 4. e5 Nfd7 5. d4 c5 6. Be3 a6 7. a4 {C11: French: Classical System: 4 e5 and 4 Bg5 dxe4.} (7. Ne2 $11 {keeps the balance.}) 7... Nc6 8. dxc5 Bxc5 9. Bxc5 {Black is slightly better.} Nxc5 {[#]} 10. Be2 $146 ({Predecessor:} 10. Bd3 Qc7 11. O-O Nxe5 12. Nxe5 Qxe5 13. Re1 Qd6 14. Qh5 Nxd3 15. cxd3 O-O 16. Re3 {0-1 (59) Reichhardt,F (1472)-Schwede,E (1561) Germany 2001}) 10... Qe7 11. O-O b6 12. Rb1 O-O 13. b4 (13. Bd3 $15) 13... Ne4 ({Black should try} 13... Nd7 $17 14. Qd2 Ncxe5 15. Nxe5 Nxe5) 14. Nxe4 dxe4 15. Nd2 Rd8 16. Qc1 Nxb4 (16... Bb7 $15) 17. Nxe4 $14 Bb7 (17... a5 $14) 18. Bf3 $2 (18. Nd6 $16 Rxd6 19. exd6 Qxd6 20. Rd1) 18... Rac8 19. Nf6+ gxf6 20. exf6 Qxf6 21. Bxb7 Rxc2 22. Qe3 Nd5 $36 {[%mdl 2048] Black is more active.} 23. Qg3+ Qg7 24. Bxa6 Nc3 25. Rbe1 (25. Qxg7+ $11 Kxg7 26. Rxb6) 25... Rdd2 (25... Qxg3 $17 26. hxg3 Nxa4) 26. Qxg7+ (26. Qb8+ $14 Qf8 27. Qxb6) 26... Kxg7 $17 27. h3 ({White should play} 27. Re3) 27... Nxa4 28. Bb5 {[#] This costs White the game.} (28. Rd1 $17) 28... Nc3 $1 $19 {[%cal Rc3b5]} 29. Bc4 $2 (29. Ba6) 29... b5 30. Bb3 Rb2 31. Bd1 b4 (31... Nxd1 $2 32. Rxd1 Rdc2 33. Rd7 $19) 32. Bf3 b3 33. Re3 Rbc2 34. Be4 Nxe4 35. Rxe4 {[%mdl 4096] Endgame KRR-KRR} b2 36. Rb4 Rc1 37. Kh2 Rxf1 {Black mates.} 38. Rg4+ Kf8 39. Rf4 Rdd1 40. Rb4 b1=Q 41. Rxb1 Rxb1 42. Kg3 f6 43. h4 Ke7 44. f3 Rb2 45. f4 {[#]} Rg1 $1 46. Kf3 Rgxg2 47. Ke4 Rbf2 48. f5 {[#]} Rf4+ $1 49. Ke3 {[#]} (49. Kxf4 Rf2+) 49... exf5 $1 50. h5 {[%mdl 32768] Accuracy: White = 32%, Black = 50%. . Loss on time!?} 1-0

[Event "Stay Safe Play From Home 199"]
[Site "T#646564Emanuel Laske"]
[Date "2020.06.04"]
[Round "6"]
[White "Lazieri3"]
[Black "Weltszmerc"]
[Result "0-1"]
[WhiteElo "1996"]
[BlackElo "2089"]
[Annotator "TA"]
[PlyCount "90"]
[EventDate "2020.06.04"]
[EventType "swiss (blitz)"]

{[%evp 9,90,-10,0,0,0,0,0,-12,-11,-16,24,-23,-22,-14,-16,-24,-26,-24,-6,-26,-20,-43,-26,-41,-30,-75,-50,-89,-83,-82,-54,-113,-69,-95,-80,-84,0,-109,-88,-164,-123,-138,-148,-137,-142,-209,160,152,152,168,170,158,146,0,528,364,352,123,108,119,99,97,262,262,289,274,294,285,353,223,224,252,341,418,404,404,306,307,304,40,404,403,226]} 1. e4 Nf6 2. Nc3 d5 3. exd5 Nxd5 4. Nxd5 Qxd5 5. Qf3 c6 6. Qxd5 {B02: Alekhine's Defence: Chase Variation and lines with early Nc3.} cxd5 7. d4 Nc6 8. c3 {The position is equal.} Bf5 9. Nf3 e6 {[#]} 10. Be3 $146 ({Predecessor:} 10. Ne5 f6 11. Nxc6 bxc6 12. Be3 a5 13. O-O-O Bd6 14. Bd3 g6 15. h3 Kf7 16. Kc2 {0-1 (47) Dauth,B (2286)-Von Herman,U (2421) Berlin 2010}) 10... Be7 11. Kd2 O-O 12. Bd3 Bxd3 13. Kxd3 Na5 14. b3 Rac8 15. Rhe1 b5 16. Rac1 Rc7 17. Ne5 Rfc8 18. Rc2 f6 19. Nf3 Kf7 20. Rec1 (20. Bf4 $15 Rc6 21. Nd2) 20... Ba3 21. Rd1 Bb4 {[%cal Rc7c3]} 22. Rdc1 Ba3 (22... Bd6 $17) 23. Rb1 (23. Rd1 $1 $11) 23... Bd6 24. Bc1 (24. Bd2 $17) 24... e5 {Hoping for ...e4+.} 25. dxe5 fxe5 {Strongly threatening ...e4+.} 26. Ne1 e4+ {[%mdl 64] Discovered Attack} 27. Ke2 (27. Kd2 $17 {was necessary.}) 27... Rxc3 $2 ({Better is} 27... d4 $19 {White must now prevent ...d3+.} 28. Rd2 d3+ 29. Kf1 Rxc3) 28. Rxc3 $16 Rxc3 29. Bd2 b4 30. Bxc3 bxc3 $18 {[%mdl 4096] Endgame KRN-KBN} 31. Nc2 (31. f3 $1 $16) 31... Bc5 $2 {[%mdl 8192]} (31... Ke6 $1 $11) 32. Rd1 Ke6 33. f3 $2 (33. b4 $18 {is the precise move to win.} Bxf2 34. Kxf2) 33... Nc6 $16 34. fxe4 dxe4 35. Rf1 a5 $2 {[#]} (35... g6 $16 {keeps fighting.}) 36. Rf4 $1 $18 Ke5 {[#]} 37. Rf7 $1 g5 38. Rxh7 Ne7 39. Ne3 Bxe3 40. Kxe3 {KR-KN} Nf5+ 41. Ke2 Nd4+ 42. Kd1 c2+ 43. Kc1 e3 44. Rc7 $2 ({White has to play} 44. Re7+ $18 Kf4 45. a3) 44... e2 $2 {[%mdl 8192]} ({Black should play} 44... Ke4 $14 45. Rc4 Ke5) 45. Kd2 Ke4 {[%mdl 32768] Accuracy: White = 50%, Black = 50%. . Sensor Board Error (Ke4/e5)?} (45... Kd5 $142 46. Rc3 Ke4) 0-1

[Event "Stay Safe Play From Home 199"]
[Site "T#646564Emanuel Laske"]
[Date "2020.06.04"]
[Round "6"]
[White "Trotsky"]
[Black "Matanant"]
[Result "1-0"]
[WhiteElo "1578"]
[BlackElo "1635"]
[Annotator "NA RC"]
[PlyCount "45"]
[EventDate "2020.06.04"]
[EventType "swiss (blitz)"]

1. d4 {[%emt 0:00:01]} d5 {[%emt 0:00:03]} 2. e3 {[%emt 0:00:01]} c5 {[%emt 0:00:02]} 3. c4 {[%emt 0:00:01]} Nc6 {[%emt 0:00:00]} 4. Nc3 {[%emt 0:00:01]} dxc4 {[%emt 0:00:01]} 5. Bxc4 {[%emt 0:00:01]} cxd4 {[%emt 0:00:01]} 6. exd4 {[%emt 0:00:01]} Qxd4 {[%emt 0:00:01]} 7. Qb3 {[%emt 0:00:02]} e6 {[%emt 0:00:05]} 8. Be3 {[%emt 0:00:02]} Qe5 {[%emt 0:00:03]} 9. a3 {[%emt 0:00:04]} Nf6 {[%emt 0:00:03]} 10. Nf3 {[%emt 0:00:02]} Qa5 {[%emt 0:00:03]} 11. Bd3 {[%emt 0:00:06]} Be7 {[%emt 0:00:02]} 12. Qc2 {[%emt 0:00:01]} O-O {[%emt 0:00:03]} 13. Ng5 {[%emt 0:00:01]} h6 {[%emt 0:00:02]} 14. h4 {[%emt 0:00:01]} Ne5 {[%emt 0:00:04]} 15. Bh7+ {[%emt 0:00:02]} Kh8 {[%emt 0:00:02]} 16. Bd2 {[%emt 0:00:01]} Nc4 {[%emt 0:00:04]} 17. O-O-O {[%emt 0:00:04]} Nxd2 {[%emt 0:00:02]} 18. Rxd2 {[%emt 0:00:01]} b5 {[%emt 0:00:01]} 19. Nce4 {[%emt 0:00:03]} b4 {[%emt 0:00:04]} 20. Nxf6 {[%emt 0:00:01]} Bxf6 {[%emt 0:00:02]} 21. Bg8 {[%emt 0:00:01]} g6 {[%emt 0:00:03]} 22. Bxf7 {[%emt 0:00:01]} Kg7 {[%emt 0:00:03]} 23. Qxg6+ {[%emt 0:00:01] Time (Lag: Av=0.58s, max=1.1s)} 1-0